LEADER 04354nam 2200913 450 001 9910810349803321 005 20210505211938.0 010 $a0-520-96327-X 024 7 $a10.1525/9780520963276 035 $a(CKB)3710000000513409 035 $a(EBL)4068986 035 $a(SSID)ssj0001571082 035 $a(PQKBManifestationID)16218810 035 $a(PQKBTitleCode)TC0001571082 035 $a(PQKBWorkID)12766256 035 $a(PQKB)11065973 035 $a(StDuBDS)EDZ0001535411 035 $a(DE-B1597)518875 035 $a(OCoLC)1058463834 035 $a(DE-B1597)9780520963276 035 $a(Au-PeEL)EBL4068986 035 $a(CaPaEBR)ebr11153310 035 $a(OCoLC)940518659 035 $a(MiAaPQ)EBC4068986 035 $a(EXLCZ)993710000000513409 100 $a20160216h20162016 uy 0 101 0 $aeng 135 $aurnnu---|u||u 181 $ctxt 182 $cc 183 $acr 200 10$aRationalizing Korea $ethe rise of the modern state, 1894-1945 /$fKyung Moon Hwang 210 1$aOakland, California :$cUniversity of California Press,$d2016. 210 4$d©2016 215 $a1 online resource (416 p.) 300 $aDescription based upon print version of record. 311 $a0-520-28832-7 311 $a0-520-28831-9 320 $aIncludes bibliographical references and index. 327 $tFront matter --$tCONTENTS --$tILLUSTRATIONS --$tPREFACE --$tNOTE ON ROMANIZATION AND TRANSLATIONS --$tIntroduction --$tONE. State Making under Imperialism: Fragmentation and Consolidation in the Central State --$tTWO. The Centrality of the Periphery: Developing the Provincial and Local State --$tTHREE. Constructing Legitimacy: Symbolic Authority and Ideological Engineering --$tFOUR. State and Economy: Developmentalism --$tFIVE. State and Religion: Secularization and Pluralism --$tSIX. Public Schooling: Cultivating Citizenship Education --$tSEVEN. Population Management: Registration, Classification, and the Remaking of Society --$tEIGHT. Public Health and Biopolitics: Disciplining through Disease Control --$tConclusion --$tAppendices --$tNotes --$tBibliography --$tIndex 330 $aThe first book to explore the institutional, ideological, and conceptual development of the modern state on the peninsula, Rationalizing Korea analyzes the state's relationship to five social sectors, each through a distinctive interpretive theme: economy (developmentalism), religion (secularization), education (public schooling), population (registration), and public health (disease control). Kyung Moon Hwang argues that while this formative process resulted in a more commanding and systematic state, it was also highly fragmented, socially embedded, and driven by competing, often conflicting rationalizations, including those of Confucian statecraft and legitimation. Such outcomes reflected the acute experience of imperialism, nationalism, colonialism, and other sweeping forces of the era. 606 $aPublic administration$zKorea 606 $aHISTORY / Asia / Korea$2bisacsh 607 $aKorea$xPolitics and government$y1864-1910 607 $aKorea$xPolitics and government$y1910-1945 607 $aKorea$xSocial policy$y19th century 610 $aasian political science. 610 $aasian studies. 610 $acolonial korea. 610 $aconfucian statecraft. 610 $aconfucianism in korea. 610 $adevelopment in korea. 610 $adisease control korea. 610 $aeast asia. 610 $aeconomic development korea. 610 $aeducation in korea. 610 $aimperialism in korea. 610 $akorean colonialism. 610 $akorean government. 610 $akorean nationalism. 610 $akorean politics. 610 $akorean public schools. 610 $amodern korea. 610 $apopulation and registration in korea. 610 $apublic health korea. 610 $areligion korea. 610 $asecularization korea. 610 $astate development korea. 615 0$aPublic administration 615 7$aHISTORY / Asia / Korea. 676 $a951.902 700 $aHwang$b Kyung Moon$0741568 801 0$bMiAaPQ 801 1$bMiAaPQ 801 2$bMiAaPQ 906 $aBOOK 912 $a9910810349803321 996 $aRationalizing Korea$91472218 997 $aUNINA LEADER 03732nam 2200553 450 001 9910806938903321 005 20230814224040.0 010 $a3-11-055899-8 010 $a3-11-056141-7 024 7 $a10.1515/9783110561418 035 $a(CKB)4100000005958651 035 $a(MiAaPQ)EBC5516753 035 $a(DE-B1597)487225 035 $a(OCoLC)1043954926 035 $a(DE-B1597)9783110561418 035 $a(Au-PeEL)EBL5516753 035 $a(CaPaEBR)ebr11610614 035 $a(OCoLC)1054062113 035 $a(EXLCZ)994100000005958651 100 $a20181016d2018 uy 0 101 0 $ager 135 $aurcnu|||||||| 181 $ctxt$2rdacontent 182 $cc$2rdamedia 183 $acr$2rdacarrier 200 00$aMikromechanische Antriebstechnik fu?r aktive Augenimplantate /$fherausgegeben von Thomas Martin 210 1$aBerlin ;$aBoston :$cDe Gruyter,$d[2018] 210 4$d©2018 215 $a1 online resource (220 pages) 311 $a3-11-055830-0 320 $aIncludes bibliographical references and index. 327 $tFrontmatter -- $tVorwort / $rMartin, Thomas -- $tInhalt -- $tAbbildungsverzeichnis -- $tTabellenverzeichnis -- $t1. Einleitung -- $t2. Neues Konzept für den Antrieb des Künstlichen Akkommodationssystems -- $t3. Lösungen für Teilfunktionen des Antriebs -- $t4. Gesamtlösungen für den Antrieb -- $t5. Realisierung von Funktionsmustern des neuen Antriebs -- $t6. Zusammenfassung -- $tAnhang -- $tLiteratur -- $tStichwortverzeichnis 330 $aDas Buch beschreibt erstmals die Entwicklung von mechanischen Antrieben für die aktive Optik des Künstlichen Akkommodationssystems. Das intraokulare, mechatronische Implantat soll die Akkommodationsfähigkeit des menschlichen Auges bei Alterssichtigkeit oder im Rahmen einer Kataraktoperation wiederherstellen. Dafür besonders geeignete optische Wirkprinzipien sind nach früheren Forschungsergebnissen Linsensysteme mit parallel oder senkrecht zur optischen Achse zu verschiebenden Linsenkörpern in Form einer Triple-Optik und einer Alvarez-Optik. Beide benötigen einen mechanischen Antrieb. Eine Analyse der notwendigen Funktionen des Antriebs bildet die Grundlage für die Entwicklung der Funktionsstruktur eines generischen Lösungskonzepts. Für alle Teilfunktionen werden Lösungsansätze in Form von Wirkprinzipien erarbeitet. Mit ihnen wird das generische Antriebskonzept schließlich als Wirkstruktur formuliert Auf Basis dieses Konzepts werden Antriebsentwürfe für eine Triple-Optik und eine Alvarez-Optik funktions-, fertigungs- und montagegerecht ausgearbeitet. Sie basieren auf piezoelektrischen Aktoren zur mechanischen Bewegungserzeugung. Für beide Antriebe werden planare Getriebe aus einkristallinem Silizium mit jeweils einem neuartigen elastischen Verformungsmechanismus entwickelt. Neben theoretischen Funktionsnachweisen wurden beide Antriebslösungen als Funktionsmuster im Maßstab 1,5:1 bzw. 1,2:1 entworfen, aufgebaut, erfolgreich in Betrieb genommen und mit positivem Ergebnis messtechnisch charakterisiert. Damit wird erstmals die Realisierbarkeit mechanischer Antriebe für das Künstliche Akkommodationssystem nachgewiesen. 606 $aArtificial vision 606 $aBiomedical engineering 610 $aMicrosystems technology. 610 $amedical technology. 615 0$aArtificial vision. 615 0$aBiomedical engineering. 676 $a617.7/9 700 $aMartin$b Thomas$f1980-$01685603 702 $aMartin$b Thomas$f1980- 801 0$bMiAaPQ 801 1$bMiAaPQ 801 2$bMiAaPQ 906 $aBOOK 912 $a9910806938903321 996 $aMikromechanische Antriebstechnik fu?r aktive Augenimplantate$94057876 997 $aUNINA